| 000 | 00000cas 2200000zi 4500 |
| 001 | 9.901448 |
| 003 | CaOODSP |
| 005 | 20260528142649 |
| 006 | m o d f |
| 007 | cr ||||||||||| |
| 008 | 210706d20202024oncar p o f0###a0eng|d |
| 022 | |a2564-1174 |
| 040 | |aCaOODSP|beng|erda|cCaOODSP |
| 043 | |an-cn--- |
| 086 | 1 |aM120-2E-PDF |
| 110 | 1 |aCanada. |bSurveyor General Branch, |eauthor,|eissuing body. |
| 222 | 0|aAnnual report |b(Canada. Surveyor General Branch) |
| 245 | 10|aAnnual report ... / |cThe Surveyor General Branch. |
| 264 | 1|a[Ottawa] : |bNatural Resources Canada = Ressoures naturelles Canada, |c2021-2024. |
| 310 | |aAnnual |
| 336 | |atext|btxt|2rdacontent |
| 337 | |acomputer|bc|2rdamedia |
| 338 | |aonline resource|bcr|2rdacarrier |
| 362 | 1 |aBegan with 2019/2020; ceased with 2023/2024. |
| 500 | |aIssued also in French under title: Rapport annuel. |
| 500 | |aSome issues available in HTML only. |
| 588 | |aDescription based on: 2019/2020. |
| 588 | |aLatest issue consulted: 2019/2020. |
| 610 | 10|aCanada.|bSurveyor General Branch|vPeriodicals. |
| 650 | 0|aSurveying|zCanada|vPeriodicals. |
| 655 | 7|aPeriodicals|2lcgft |
| 775 | 08|tRapport annuel ... / |w(CaOODSP)9.901450 |
| 780 | 00|tBiennial report.|w(CaOODSP)9.903796 |
| 785 | 00|tBiennial report.|w(CaOODSP)9.963155 |